1978 1903 1678 1359 1097 1585 1816 1526 1975 1062 1741 1636 1090 1941 1339 1377 1438 1585 1355 1334 1808 1053 1104 1889 1366 1734 1403 1497 1367 1136 1065 1024 1794 1619 1552 1603 1872 1983 1235 1054 1822 1707 1157 1718 1641 1232 1367 1210 1866 1311 1783 1777 1569 1630 1631 1405 1473 1678 1317 1156 1249 1665 1646 1778 1705 1929 1002 1141 1465 1376 1456 1550 1895 1561 1624 1169 1106 1490 1710 1262 1357 1901 1897 1931 1813 1459 1088 1198 1236 1194 1476 1733 1198 1334 1490 1322 1788 1206 1265 BCNSPRNW ULIB Ver.6.0+V

เปลี่ยนเป็นภาษาไทย

Change to English
 แสดงรายละเอียดบรรณานุกรม
  กลับหน้าหลัก

Brief Record : Get Marc (ISO 2709) : E-mail record : QR code < ปิดหน้าต่าง
LEADER : 00000nam 2200000uu 4500
001    13399110657
003     ULIB
008    110607s2551||||th 000 0 tha d
024    9789742585181
090    นว^bภ416s 2551
100 0  ภาคินัย
245 00 The shoes รองเท้าอาถรรพ์^b ภาคินัย
250    พิมพ์ครั้งที่ 2
260    กรุงเทพฯ :^bโซฟา,2551
300    220 หน้า
945    ^p179^l0^i030129
995    เกษร
999 ^a ใช้งานได้ทุกระบบ
รายการนี้ยังไม่มีแท็ก
คุณยังไม่ได้ล็อกอิน คุณสามารถมีกิจกรรมร่วมกับเว็บไซต์ได้ แต่ต้องล็อกอินก่อน ::
  ล็อกอิน

รายการสื่อสารสนเทศ

ลำดับที่ ประเภท เลขเรียก/บาร์โค้ด สถานที่ สถานะ
- ไม่พบข้อมูล -

รายการใกล้เคียง
    ผู้แต่ง [ภาคินัย]

BibComment


ยังไม่เคยถูกคอมเมนท์

คอมเมนท์ทรัพยากรรายการนี้
  คอมเมนท์: The shoes รองเท้า..


 Copyright 2026. Bcnsprnw @Library